[Event "Altensteig"]
[Site "Altensteig"]
[Date "1992.??.??"]
[Round "6"]
[White "Romanishin, Oleg M"]
[Black "Stangl, Markus"]
[Result "1-0"]
[WhiteElo "2555"]
[BlackElo "2475"]
[Annotator "Dautov,R"]
[PlyCount "43"]
[EventDate "1992.07.??"]
[EventType "tourn"]
[EventRounds "11"]
[EventCountry "GER"]
[EventCategory "11"]
[SourceTitle "CBM 031"]
[Source "ChessBase"]
[SourceDate "1992.12.01"]
[SourceVersion "1"]
[SourceVersionDate "1992.12.01"]
[SourceQuality "1"]

1. d4 {Schussler} Nf6 2. Nf3 e6 3. g3 b5 4. Bg2 Bb7 5. O-O c5 6. Na3 Qb6 (6...
a6 7. c4 b4 8. Nc2 cxd4 9. Nfxd4 Bxg2 10. Kxg2 Qc7 11. Qd3 Nc6 12. Nxc6 Qxc6+
13. Qf3 Rc8 14. Qxc6 Rxc6 15. b3 d5 16. Ne3 $14 {Murugan,K-Cooper,L,BCF-ch 1989
}) (6... a6 7. c4 b4 (7... cxd4 8. cxb5 Bxa3 9. bxa6 Bxf3 10. Bxf3 Rxa6 11.
bxa3 $14) 8. Nc2 Be4 9. Be3 cxd4 10. Ncxd4 Qc7 11. Qd2 Be7 12. Rfd1 O-O 13.
Rac1 Rc8 14. Bf4 Qb7 15. Nb3 a5 16. Bd6 Bxd6 17. Qxd6 Ra6 18. Qf4 Qc7 19. Nbd4
Qxf4 20. gxf4 Kf8 21. c5 $14 {Sturua,Z-Gurevich,D,Biel 53/69 1991}) (6... a6 7.
c4 b4 8. Nc2 a5 9. d5 $1 exd5 10. Nh4 g6 11. Ne3 Bg7 12. Nxd5 Nxd5 13. Bxd5 Qc8
{Romanishin,O-Plachetka,J Metz 1992,54/(54)} 14. Ng2 $5 $14 {Plachetka}) 7.
dxc5 (7. c4 b4 8. Nb5 (8. Nc2 {Schussler} Na6 9. Bf4 Be7 10. a4 $5 {Gostisa,
L-Kiselev,S, Ljubljana Iskra 1992, CBM 31 game 467.}) 8... a6 9. dxc5 Bxc5 10.
Nbd4 O-O 11. Nb3 Be7 12. Be3 Qc7 13. Rc1 a5 14. Bf4 Qb6 15. c5 Qa7 16. Bd6 Bxd6
17. Qxd6 Rc8 18. Rfd1 Nc6 19. Ne5 Nxe5 20. Qxe5 Bxg2 21. Kxg2 Qc7 22. Qe3 Qa7
23. Qe5 Qc7 {1/2:1/2 Schlosser,P-Sakaev,K Brno 1992}) 7... Bxc5 8. b4 Bxb4 (
8... Be7 9. c4 bxc4 10. Nxc4 Qa6 (10... Qxb4 $2 11. Nfe5 Bxg2 12. Ba3 Qb7 13.
Nd6+ Bxd6 14. Qxd6 Nd5 15. Rab1 Qc7 16. Rfc1 Qxd6 17. Rc8+ Ke7 18. Bxd6+ Kxd6
19. Nc4+ Ke7 20. Rxh8 $18) (10... Qc7 11. Na5 Bd5 12. Bf4 Qb6 13. a3 $14) 11.
Qb3 (11. b5 Qxb5 12. Nd6+ Bxd6 13. Qxd6 Qa6 14. Ba3 Qxd6 15. Bxd6 Ne4 16. Ba3
Bd5 17. Nd4 $44) 11... Bd5 12. b5 Qb7 $132) 9. Rb1 Nc6 (9... Na6 10. Be3 (10.
c3 Bxa3 11. Bxa3 Nc5 $15) 10... Qa5 11. Nxb5 $1 Nd5 (11... Qxb5 12. Nd4 Qb6 13.
Nxe6 Qxe6 14. Bxb7 Rb8 15. Bxa6 Qxa6 16. Bc5 $16) 12. Bd4 Qxb5 13. c3 O-O 14.
cxb4 $16) 10. c3 Bxa3 (10... Be7 11. Nxb5 O-O 12. Bf4 Qa5 13. c4 $36) 11. Bxa3
Na5 (11... Qa5 12. Qb3 $36) 12. Ne5 Bxg2 13. Kxg2 Rc8 14. Qd4 $1 Nc6 $2 (14...
Qb7+ $5 15. f3 d5 16. Ng4 Nc4 $1 17. Nxf6+ gxf6 18. Qxf6 Rg8 19. Rxb5 Qd7 20.
Bb4 (20. Rfb1 Nxa3 21. Rb7 Nxb1 22. Rxd7 Kxd7 23. Qxf7+ Kd6 24. Qf4+ Kd7 25.
Qa4+ Rc6 26. Qxa7+ Rc7 27. Qa4+ Rc6 28. Qc2 Rb8 $13) 20... Ne3+ 21. Kf2 Nxf1
22. Kxf1 $44) (14... Qxd4 $142 15. cxd4 a6 16. Rfc1 Nc6 17. Rb2 (17. Rc2 $13 {
Schussler}) 17... Nd5 18. e4 Nde7 19. Rbc2 f6 20. Nxc6 Rxc6 21. Rxc6 dxc6 22.
Bxe7 Kxe7 23. Rxc6 Rd8 $10) 15. Qd6 $16 Qb7 16. f3 Qc7 $2 (16... Nd5 $2 17.
Rxb5 $1 Qc7 18. Nc4 $18) (16... Qb8 $2 17. Nc4 a6 18. Qc5 $18) (16... a6 $142)
17. Qxc7 Rxc7 18. Rxb5 Ne7 19. c4 $1 $18 d5 20. Bd6 Rc8 21. Bxe7 Kxe7 22. Rb7+
1-0

[Event "Olympiad-33"]
[Site "Elista"]
[Date "1998.10.12"]
[Round "13.1"]
[White "Arencibia Rodriguez, Walter"]
[Black "Dautov, Rustem"]
[Result "0-1"]
[WhiteElo "2550"]
[BlackElo "2625"]
[Annotator "Dautov,R"]
[PlyCount "76"]
[EventDate "1998.09.29"]
[EventType "team-swiss"]
[EventRounds "13"]
[EventCountry "RUS"]
[SourceTitle "CBM 068"]
[Source "ChessBase"]
[SourceDate "1999.02.01"]
[SourceVersion "1"]
[SourceVersionDate "1999.02.01"]
[SourceQuality "1"]
[WhiteTeam "Cuba"]
[BlackTeam "Germany"]
[WhiteTeamCountry "CUB"]
[BlackTeamCountry "GER"]

1. d4 Nf6 2. Nf3 e6 3. Bg5 c5 4. e3 h6 5. Bh4 b6 6. Nbd2 cxd4 7. exd4 Bb7 8.
Bd3 Be7 9. c3 d6 10. Bxf6 (10. Qe2 Nbd7 11. O-O-O Nd5 $1 12. Bxe7 Qxe7 13. g3
Rc8 $11) (10. O-O O-O 11. Re1 Nbd7 12. a4 a6 $11) 10... Bxf6 11. Qe2 (11. Ne4
Be7 12. O-O Nd7 13. Re1 O-O 14. Bc2 Nf6 $2 (14... Re8 15. Qd3 g6 $11) 15. Nxf6+
Bxf6 16. Qd3 g6 17. Rxe6 $1 Bxf3 18. gxf3 Re8 (18... fxe6 19. Qxg6+ Bg7 20.
Qh7+ Kf7 21. Bg6+ Kf6 22. Bh5 Bh8 23. Qxh6+ Ke7 24. Qh7+ Kf6 25. Kh1 e5 26. d5
$18) 19. Rxe8+ Qxe8 20. Qe4 $16 {Kovacevic,V-Polugaevsky,L/Haifa 1989/EU-chT})
11... Nd7 (11... a6 $6 12. Be4 (12. O-O-O) 12... Qc7 13. d5 e5 14. Nf1 Nd7 15.
Ne3 g6 16. g4 Bg7 17. h4 h5 $13 {Klaric,Z-Utasi,T/Havana 1986}) 12. O-O-O (12.
Ba6 Bxa6 13. Qxa6 d5 $11) 12... Qc7 13. Kb1 Be7 (13... O-O 14. g4 e5 (14... g6
15. h4 Bg7 $13) 15. h4 exd4 16. cxd4 Rfe8 17. Qf1 $13) 14. c4 $6 (14. h4 Nf6
15. Bb5+ Bc6 $11) (14. g4 Nf6 15. Rhg1 O-O-O $11) 14... O-O {/\d5} 15. d5 $6 (
15. g4 d5 16. cxd5 Bxd5 17. h4 Qf4 18. g5 h5 $15) (15. Rc1 $142 Nf6 $11) 15...
Nc5 $1 16. dxe6 Nxe6 17. Rhe1 Rfe8 $15 {^^} 18. g3 (18. Be4 Nf4 19. Qf1 d5 $15)
(18. Bf5 Bf8 $15) 18... Bf8 19. Qf1 Nc5 (19... d5 20. cxd5 Bxd5 21. Be4 $11)
20. Bc2 d5 (20... g6 $5 {/\Bg7,Qd8-f6} 21. Rxe8 Rxe8 22. Re1 Re7 $1 23. Rxe7
Qxe7 24. Qe1 Qf6 $17) 21. cxd5 Bxd5 22. Rxe8 Rxe8 23. Nd4 (23. Re1 Rd8 $15)
23... g6 (23... a6 $5 {/\g6,Bg7}) 24. Nb5 Qc6 25. Nc3 Bg2 26. Qc4 Bg7 27. f3
Qf6 $17 28. Rg1 $6 (28. g4 Re3 29. h4 (29. f4 Bb7 30. h4 Ba6 $17) 29... Bxf3
30. Nxf3 Rxf3 31. h5 Kh7 32. hxg6+ fxg6 $17) (28. Nde4 Qxf3 29. Nxc5 bxc5 30.
Qxc5 Bh3 $17) 28... Bh3 (28... Bxf3 $2 29. Nxf3 Qxf3 30. Bxg6 (30. Rf1 b5 $1
31. Qxb5 Qe3 $15) 30... Bxc3 31. bxc3 $11) 29. g4 Qd4 $1 (29... a6 {/\} 30. Rg3
$2 Re1+ 31. Bd1 Qd6 32. Kc2 Bf1 33. Nxf1 Bxc3 $19) (29... Rd8 30. Rd1 $17) 30.
Rd1 (30. Qxd4 Bxd4 31. Rd1 (31. Rg3 Bf1 $1 (31... Bxc3 32. bxc3 Bf1 33. Ne4
Nxe4 34. Bxe4 $15) 32. Nxf1 Re1+ 33. Nd1 Rxf1 34. b4 Ne6 $17) 31... Bxc3 32.
bxc3 Re2 33. Ne4 Nxe4 34. Bxe4 Bxg4 35. Bd3 Bf5 36. Bxf5 gxf5 $17) 30... Qxc4
31. Nxc4 Bxc3 32. bxc3 Bg2 33. f4 (33. Nd2 Re3) 33... Bf3 34. Rg1 Re2 $19 35.
Rg3 (35. Ne5 Be4 $19) 35... Be4 36. Bxe4 Rxe4 37. Ne3 Rxf4 38. Rg2 Kg7 0-1

[Event "FIDE-Wch k.o."]
[Site "Groningen"]
[Date "1997.12.10"]
[Round "1.5"]
[White "Zvjaginsev, Vadim"]
[Black "Benjamin, Joel"]
[Result "1-0"]
[WhiteElo "2635"]
[BlackElo "2580"]
[Annotator "Delchev,A"]
[PlyCount "83"]
[EventDate "1997.12.09"]
[EventType "k.o."]
[EventRounds "7"]
[EventCountry "NED"]
[SourceTitle "CBM 063"]
[Source "ChessBase"]
[SourceDate "1998.03.26"]
[SourceVersion "1"]
[SourceVersionDate "1998.03.26"]
[SourceQuality "1"]

1. Nf3 d6 2. Nc3 Nf6 3. d4 Bg4 4. Bg5 Nbd7 5. e4 e5 6. Be2 Be7 7. O-O O-O 8.
Qd2 c6 9. a4 (9. Rfd1 Bxf3 10. Bxf3 exd4 11. Qxd4 Ne5 12. Be2 Ne8 13. Be3 $14)
9... a5 10. Be3 (10. Rad1) 10... Re8 (10... d5 11. Nxe5 $14) 11. Rad1 (11. Rfe1
$5) 11... Qc7 (11... b6 12. h3 $14) 12. h3 Bh5 13. Nh2 {[#]} (13. dxe5 $6 Nxe5
14. Nxe5 Bxe2 15. Qxe2 dxe5 $11) 13... Bg6 $6 (13... exd4 14. Bxd4 Bxe2 15.
Qxe2 d5 $15) 14. f3 (14. Bf3 $11) 14... Nf8 (14... exd4 15. Bxd4 d5 16. exd5
cxd5 17. Bb5 $14) 15. d5 Nh5 (15... N8d7) 16. Ng4 Rad8 $6 (16... Ng3 17. Rfe1
Bh4 18. b3 (18. Bd3) 18... f5 $15) 17. Rfe1 (17. Bc4 Nd7 (17... Ng3 $6 18. Rfe1
Bh4 19. Bf2 h6 20. Ne3 $14) 18. Ne2 Nhf6 $11) 17... Bh4 18. Nf2 h6 (18... Bg3
19. Bc4 $11) 19. Rb1 Nh7 (19... Bg3 20. b4 axb4 21. Rxb4 Bf4 $11) 20. b4 axb4
21. Rxb4 c5 $6 (21... Bg5 22. dxc6 bxc6 23. Reb1 Rb8 $132) 22. Rb3 $14 Bg5 23.
Reb1 Rb8 (23... Bxe3 24. Qxe3 Rb8 $14) 24. Nb5 Qe7 25. Na3 Bxe3 26. Qxe3 Nf4
27. Bf1 Nf8 (27... f5 28. a5 $16) 28. Nc4 (28. a5 $5 $16 {[/\ X >Bg6<;/\ << a
la Capablanka!]}) 28... Qc7 (28... Nxd5 29. exd5 Bxc2 30. Rxb7 Rxb7 31. Rxb7
Qxb7 32. Nxd6 Qd7 33. Nxe8 $14) 29. Qd2 (29. Rb6 $5 Red8 30. a5 Nh7 31. Qb3 $18
) 29... Nd7 30. Qa5 Qxa5 (30... b6 31. Nxb6 Rxb6 32. Rxb6 Nxb6 33. Qxb6 Qxb6
34. Rxb6 Rd8 35. a5 $18) 31. Nxa5 b6 32. Nc4 Ra8 (32... Nxd5 33. exd5 Bxc2 34.
Nxd6 $16) 33. Nxb6 $18 Nxb6 34. Rxb6 Red8 35. Ra6 Rxa6 36. Bxa6 Ra8 37. Rb6 f6
38. Rxd6 Be8 39. a5 c4 40. Bxc4 Rxa5 41. Rd8 Rc5 42. d6+ 1-0

[Event "SUI-chT"]
[Site "Switzerland"]
[Date "1998.03.29"]
[Round "?"]
[White "Donev, Ivo Hristov"]
[Black "Summermatter, Daniel"]
[Result "0-1"]
[WhiteElo "2420"]
[BlackElo "2315"]
[Annotator "Donev,I"]
[PlyCount "70"]
[EventDate "1998.03.29"]
[EventType "team-tourn"]
[EventRounds "9"]
[EventCountry "SUI"]
[SourceTitle "CBM 064"]
[Source "ChessBase"]
[SourceDate "1998.06.02"]
[SourceVersion "1"]
[SourceVersionDate "1998.06.02"]
[SourceQuality "1"]

1. d4 Nf6 2. Nf3 e6 3. Nc3 Bb4 4. Bg5 h6 5. Bxf6 Qxf6 6. e3 c5 7. Be2 (7. Bd3
cxd4 8. exd4 Nc6 $1 {und Weiß muß wieder mit dem Läufer ziehen, um den Pd4 zu
decken.}) 7... cxd4 8. exd4 O-O 9. O-O (9. Qd2 {ist auch gut, denn es
vermeidet den Doppelbauern auf der c-Linie.}) 9... Bxc3 10. bxc3 d6 $1 {
Die schwarze Bauernstruktur ist deutlich besser, weil der schwache weiße
Doppelbauer auf der halboffenen c-Linie steht. Das garantiert Schwarz für
jedes Endspiel Vorteil. Weiß hat hingegen einen leichten Entwicklungsvorsprung
und muß versuchen, jede Chance im Mittelspiel zu nutzen.} 11. Bd3 b6 (11... e5
12. Rb1) 12. Be4 $1 {vermeidet die Besetzung der großen Diagonale durch den
Bc8.} d5 13. Bd3 Ba6 {In dieser kritischen Mittelspielstellung ist es sehr
wichtig, wer zuerst die Läufer tauschen wird: a) falls Schwarz auf d3 nimmt,
wird die weiße Bauernstruktur durch c:d3 verbessert (Kontrolle über die Felder
c4 und e4). b) falls Weiß auf a6 nimmt, gelangt der schwarze Springer auf ein
ungünstiges Feld. Eigentlich muß der N den Vorposten c4 oder e4 anstreben.} 14.
Bxa6 (14. Ne5 $1 Rc8 15. Qd2 Bxd3 16. cxd3 {[%csl Yc4,Ye4]} Nc6 17. f4 $14)
14... Nxa6 15. Qd3 Nc7 16. Ne5 Rfc8 17. f4 $2 {Leider ist der weiße Plan 
(Bauernmarsch f2-f4-f5xe6) in dieser Stellung fehl am Platz, denn er kann
leicht neutralisiert werden. Nach der Partie zeigte mein Mannschaftskollege
Werner Hug, daß es in einer solchen Stellung viel vernünftiger ist,
Figureninitiative am Königsflügel zu entwickeln, z.B mittels Rfe1,Re3/\ Rf3
oder Rg3 nebst Rae.} Qf5 $1 {Diesen starken Zug habe ich übersehen. Jetzt
droht Schwarz mit Damentausch auf d3 nebst Nb5.} 18. a4 (18. Qxf5 exf5 19. Rab1
Ne6 $15) 18... Ne8 {[%cal Ye8d6,Yd6c4,Yd6e4]} 19. Qd2 Nd6 20. g4 Qh7 {Leider
befand ich mich in diesem Moment schon in leichter Zeitnot. Und zudem lenkte
mich noch etwas anderes stark ab - mein Handy Telefon hat geläutet -, so mußte
ich den Turniersaal verlassen. Selbstverständlich war mein Telefonat ganz kurz,
aber trotzdem: es kostete mich ein paar Minuten und den Verlust der
Konzentration. Vor diesem Hintergrund ist es nicht schwer zu verstehen, daß
mein nächster Zug in dieser schweren Stellung ein Bock war.} 21. Ra3 $2 (21. f5
$142 exf5 22. Qg2 {[%cal Yg2d5]} (22. Qf4)) 21... f6 22. Nd3 Nc4 $19 23. Qc1
Nxa3 24. Qxa3 Qg6 25. h3 Rc6 26. f5 exf5 27. Rxf5 Qe8 28. Qb3 Kh8 29. Qxd5 Rxc3
30. Rf2 Rd8 31. Qf5 Qd7 32. Nf4 Qxf5 33. gxf5 Rxd4 34. Ng6+ Kh7 35. Re2 Rg3+
0-1

[Event "Miskolc"]
[Site "Miskolc"]
[Date "2004.03.18"]
[Round "8"]
[White "Prusikin, Michael"]
[Black "Balogh, Csaba"]
[Result "1-0"]
[WhiteElo "2519"]
[BlackElo "2456"]
[Annotator "Finkel,A"]
[PlyCount "93"]
[EventDate "2004.03.10"]
[EventType "tourn"]
[EventRounds "9"]
[EventCountry "HUN"]
[EventCategory "12"]
[SourceTitle "CBM 100"]
[Source "ChessBase"]
[SourceDate "2004.06.01"]
[SourceVersion "1"]
[SourceVersionDate "2004.06.01"]
[SourceQuality "1"]

1. d4 Nf6 2. Nf3 e6 3. g3 d5 4. Bg2 b5 5. O-O Bb7 6. c3 Nbd7 (6... c5 7. a4 b4
8. a5 Qc8 9. cxb4 cxb4 10. Ne5 Nfd7 11. Qa4 $14 {Rashkovsky,N-Kiselev,S/
Ljubljana 1992}) (6... a5 7. Bg5 Be7 8. Ne5 (8. Nbd2 Nbd7 9. Re1 h6 10. Bxf6
Nxf6 11. Ne5 c5 12. Qb3 Qb6 13. dxc5 Bxc5 $13 {El Aamarti,M-Ben Ammor,A/Rabat
2001}) 8... Nfd7 9. Bxe7 Qxe7 10. Nd3 c5 11. dxc5 Nxc5 12. Nxc5 Qxc5 13. Nd2
O-O 14. e4 Rd8 $11 {Sosonko,G-Tatai,S/Buekfuerdo 1995}) 7. a4 (7. Nbd2 Be7 8.
Re1 O-O 9. e4 dxe4 10. Ng5 Bd5 11. Ngxe4 Nxe4 12. Nxe4 Qc8 $11 {Jurek,J-Karlik,
V/Trnava 1986}) (7. Qb3 a6 8. a4 c5 9. Bf4 Be7 10. Nbd2 Bc6 11. axb5 axb5 12.
dxc5 Nxc5 13. Qc2 O-O 14. Nb3 Nxb3 15. Qxb3 Bc5 $11 {Kastanieda,G-Makarov,M/
Krasnoiarsk 1998}) 7... b4 (7... a6 $5 8. Bg5 (8. Bf4 c5 9. axb5 axb5 10. Na3
Ba6 11. dxc5 Bxc5 12. b4 Bb6 $13 {Andrianov,N-Vyzmanavin,A/Moscow 1984}) 8...
Be7 9. Nbd2 c5 10. Bxf6 Nxf6 11. dxc5 Bxc5 12. b4 Bb6 13. axb5 axb5 14. Rxa8
Bxa8 15. Nd4 Qd7 16. N2f3 O-O {1/2-1/2 Pigusov,E-Zvjaginsev,V/Panormo 2001/CBM
84 ext (16)}) 8. cxb4 Bxb4 9. Bd2 c5 {With this move black allows white to
push b4, so I like more 8...a5} (9... Bxd2 10. Nbxd2 c5 11. dxc5 Nxc5 12. b4
Nce4 13. Nb3 Rc8 14. Qd4 Qb6 15. Rfc1 O-O 16. Ne5 $14 {Dorfman,J-Trois,F/
Zamardi 1980}) (9... a5 10. Bxb4 axb4 11. Qc2 O-O 12. Nbd2 c5 13. dxc5 Rc8 $11)
10. dxc5 Bxc5 11. b4 Be7 (11... Bd6) 12. Bc3 O-O 13. Nbd2 Rc8 14. Qb3 Bd6 15.
Rfc1 e5 16. Bb2 Qb6 (16... Qe7) 17. b5 Ng4 18. e3 Nc5 19. Rxc5 $1 $44 {The
only way to fight for an advantage.} Qxc5 (19... Rxc5 20. h3 e4 21. hxg4 exf3
22. Nxf3 Rfc8 23. Qd3 $14) 20. h3 Nf6 21. Nxe5 Qc2 22. Rd1 Rfe8 (22... Qxb3 23.
Nxb3 Rc2 24. Bd4 a6 25. b6 Ne4 26. Na5 Bc8 27. Nd3 $14) 23. Nef3 Ne4 24. Nd4
Qc7 (24... Qxb3 25. N2xb3 Nc3 26. Bxc3 Rxc3 27. Na5 $14) 25. N2f3 Bf8 26. Ne1
Qa5 27. Nd3 Nd2 (27... a6) 28. Qa2 Rc4 (28... Nc4 29. Nb3 Qc7 30. Bd4 a6 31.
bxa6 Bxa6 32. Nbc5 Bb7 33. Nxb7 Qxb7 34. Nf4 $14) 29. Ra1 Ne4 30. Qb3 Rec8 31.
Ne5 Nxf2 $5 (31... R4c7) 32. Nxc4 (32. Kxf2 $2 Qd2+ 33. Kf1 Rc2 34. Nxc2 Rxc2
35. Qxc2 Qxc2 $17) 32... dxc4 33. Qc3 Bb4 $2 {Very bad decision after which I
am not sure that black can survive.} (33... Qxc3 34. Bxc3 Bxg2 35. Kxg2 Ne4 $13
) 34. Qc2 Bxg2 35. Kxg2 Nd3 36. Nc6 Rxc6 (36... Ne1+ 37. Rxe1 Rxc6 38. bxc6
Bxe1 39. Qe4 $18) 37. bxc6 Qd5+ 38. Kh2 Qxc6 39. Rf1 $1 $16 Bd6 40. Bd4 h5 41.
Qg2 Qc7 (41... Qxg2+ 42. Kxg2 a6 43. Rf5 Bb4 44. Rd5 Ne1+ 45. Kf1 c3 46. Rd8+
Kh7 47. Rc8 c2 48. e4 Bd2 49. Bb2 $18) 42. Qa8+ Kh7 43. Qe4+ Kg8 44. Qe8+ Bf8
45. h4 a6 46. Rf5 Qb7 47. Rxh5 1-0

[Event "Moscow Aeroflot op-A"]
[Site "Moscow"]
[Date "2004.02.20"]
[Round "4"]
[White "Moiseenko, Alexander"]
[Black "Ivanov, Alexander"]
[Result "1/2-1/2"]
[WhiteElo "2623"]
[BlackElo "2537"]
[Annotator "Finkel,A"]
[PlyCount "79"]
[EventDate "2004.02.17"]
[EventType "swiss"]
[EventRounds "9"]
[EventCountry "RUS"]
[SourceTitle "CBM 100"]
[Source "ChessBase"]
[SourceDate "2004.06.01"]
[SourceVersion "1"]
[SourceVersionDate "2004.06.01"]
[SourceQuality "1"]

1. d4 Nf6 2. Bg5 e6 3. Nf3 h6 4. Bh4 b6 5. e3 Bb7 6. Nbd2 Be7 7. c3 d6 8. Bg3
$6 {This move is a bit premature in my opinion.} (8. Bd3 Nbd7 9. Qe2 (9. O-O c5
10. e4 O-O 11. Qe2 Nh5 12. Bxe7 Qxe7 13. g3 cxd4 14. cxd4 Nhf6 15. e5 $14 {
Coleman,J-Wegerer,F/Dubai 2002}) 9... c5 10. O-O O-O 11. Rfd1 Nh5 12. Bxe7 Qxe7
13. Be4 Bxe4 14. Nxe4 d5 $11 {Huelsmann,J-Fischdick,G/Germany 1991}) (8. Bb5+
Nbd7 9. O-O O-O 10. Bd3 e5 11. e4 Nh7 12. Bxe7 Qxe7 $11 {Sorsa,M-Saastamoinen,
A/Tampere 1998}) (8. h3 Nbd7 (8... Ne4 9. Bxe7 Qxe7 10. Nxe4 Bxe4 11. Bd3 Bb7
12. O-O O-O 13. Re1 Nd7 14. Qe2 a5 $11 {Miles,A-Nosenko,A/Alushta 1999}) 9. Bg3
O-O 10. Bd3 Re8 11. O-O Bf8 12. Re1 d5 13. e4 dxe4 14. Nxe4 Nxe4 15. Bxe4 Qc8
16. Ne5 {1/2-1/2 Speelman,J-Graf,A/Calcutta 1998/CBM 62 ext (16)}) 8... Nh5 {
Of course.} 9. Bd3 Nd7 10. O-O O-O 11. h3 Nxg3 12. fxg3 Bf6 {With the idea to
put the queen on e7 and push e5.} (12... c5 13. Qe2 a6 14. Rf2 b5 15. Raf1 b4
$132) 13. g4 Qe7 {[%cal Ge6e5]} 14. Ne4 Bxe4 15. Bxe4 d5 16. Bc2 c5 17. Qd2 (
17. Qe2 e5 18. dxe5 Nxe5 19. Nxe5 Qxe5 20. Rf5 Qe6 21. Qf3 Rad8 22. Rd1 Bg5 $11
) 17... Rad8 {[%csl Gd5] Black is persistant with his plans.} 18. Rae1 e5 19.
e4 cxd4 20. cxd4 dxe4 21. Bxe4 (21. Rxe4 Qd6 22. h4 Nc5 23. Ree1 e4 (23... exd4
24. g5 hxg5 25. hxg5 Be7 26. b4 d3 27. Bd1 Nb7 28. Re4 $44) 24. Bxe4 Bxd4+ 25.
Nxd4 Qxd4+ 26. Qxd4 Rxd4 27. Bf3 $11) 21... Qd6 22. h4 exd4 23. g5 Be5 24. Bb1
Bf4 {Black could easily find himself in troubles if he wasn't cautious enough.}
(24... Bg3 25. Re4 Ne5 $2 26. gxh6 gxh6 27. Nxe5 Bxe5 28. Rg4+ Kh8 29. Rf6 $3
Qxf6 30. Qd3 Qg6 31. Rxg6 fxg6 32. Qxg6 Rd7 33. Qe6 $18) 25. Qxd4 Qxd4+ 26.
Nxd4 hxg5 27. Nc6 Rde8 28. Ne7+ Kh8 29. hxg5 Be5 $11 (29... Bxg5 30. Rxf7 $1
Bxe7 31. Rexe7 Rxf7 32. Rxe8+ Nf8 $14) 30. Nc6 Bxb2 31. Rxe8 Rxe8 32. Rxf7 Re1+
33. Kf2 Rxb1 34. Rxd7 Kh7 (34... a5 $2 35. g6 $18) 35. Kf3 Rc1 36. Ne7 Ba3 37.
Rxa7 Rc3+ 38. Kg4 Bxe7 39. Rxe7 Rc2 40. Ra7 1/2-1/2

[Event "American Continental 2nd"]
[Site "Buenos Aires"]
[Date "2003.08.28"]
[Round "10"]
[White "Nogueiras Santiago, Jesus"]
[Black "Rosito, Jorge"]
[Result "1-0"]
[WhiteElo "2521"]
[BlackElo "2426"]
[Annotator "Finkel,A"]
[PlyCount "75"]
[EventDate "2003.08.17"]
[EventType "swiss"]
[EventRounds "11"]
[EventCountry "ARG"]
[SourceTitle "CBM 097"]
[Source "ChessBase"]
[SourceDate "2003.11.11"]
[SourceVersion "1"]
[SourceVersionDate "2003.11.11"]
[SourceQuality "1"]

1. d4 Nf6 2. Nf3 e6 3. Bg5 c5 4. e3 (4. dxc5 Bxc5 5. e3 h6 6. Bh4 b6 7. Nbd2
Bb7 8. Be2 Be7 9. O-O O-O 10. Nd4 Nc6 11. Nxc6 Bxc6 12. Rc1 Qc7 13. c4 Qb7 14.
Bf3 Rac8 15. b3 Rfd8 16. Qe2 d6 17. Rfd1 a6 {1/2-1/2 Szilagyi,G-Augustin,J/
Stary Smokovec 1977/MCD (17)}) 4... Be7 5. dxc5 Bxc5 6. c4 {A long time ago
this modest variation braught Yusupov very convincing victory over Karpov.} b6
(6... Bb4+ 7. Nbd2 Nc6 8. Bd3 b6 9. O-O Be7 10. Rc1 Bb7 11. Qe2 O-O 12. Rfd1
Rc8 13. Bb1 Qc7 14. Bxf6 Bxf6 $11 {1/2-1/2 Hodgson,J-Howell,J/Eastbourne 1990/
EXT 2000 (14)}) 7. Nc3 Bb7 8. Be2 Be7 9. O-O O-O (9... a6 10. Qc2 d6 11. Rfd1
Qc7 12. Nd4 Nbd7 13. Rac1 Rc8 14. f3 O-O 15. Rd2 Rfe8 16. Rcd1 Bf8 17. Bh4 g6
$13 {Franciskovic,D-Pahor,A/Pula 2002}) 10. Nd4 {With idea to push th f-pawn
at some stage.} (10. Qc2 Na6 11. Rfd1 Nc5 12. Rd4 d5 13. Rad1 Rc8 14. Bf4 Qe8
15. Ne5 Nce4 16. Nxe4 Nxe4 17. Rxe4 dxe4 18. Nd7 $14 {Hort,V-Adorjan,A/Reggio
Emilia 1984}) 10... a6 11. Bf3 Qc7 12. Rc1 d6 13. Bxb7 Qxb7 14. f4 $1 {[%cal
Gf4f5] Just about time.} Nbd7 (14... Rc8 $5 15. f5 e5 16. Bxf6 Bxf6 17. Nf3 (
17. Qf3 Qxf3 18. Nxf3 Rxc4 19. Nd5 Rxc1 20. Rxc1 Nd7 21. Rc6 $14) 17... e4 18.
Nd4 Nd7 19. Nd5 b5 $132) 15. f5 e5 16. Bxf6 Nxf6 17. Qf3 Qxf3 18. Nxf3 d5 $2 {
Giving up a pawn in the endgame ie weird decision.} (18... Rfc8 19. b3 Rab8 20.
a4 $14) 19. Nxd5 Nxd5 20. cxd5 $18 {The rest is easy without comments.} Bc5 21.
Kf2 Rad8 22. Rfd1 Rfe8 23. Ng5 {[%cal Gg5e4]} e4 24. Rc4 Re5 25. g4 $1 Rexd5
26. Rxd5 Rxd5 27. Nxe4 Bf8 28. Rd4 Rb5 29. b3 h5 30. h3 Be7 31. Kf3 h4 32. Rd7
Re5 33. Rb7 b5 34. Kf4 f6 35. g5 Bd8 36. Rb8 Re8 37. Kf3 Rf8 38. g6 1-0